Actualización costos de beneficiado de café. Cosecha 1974-75

Uloženo v:
Podrobná bibliografie
Hlavní autor: Gamboa Marín, Mª Paulina
Médium: Text
Vydáno: San José: Oficina del Café
Tagy: Přidat tag
Žádné tagy, Buďte první, kdo vytvoří štítek k tomuto záznamu!

MARC

LEADER 00000 a a2200000 04500
001 14440
003
040
090 |a 023000  
100 |a Gamboa Marín, Mª Paulina  
245 |a Actualización costos de beneficiado de café. Cosecha 1974-75  
260 |a San José:   |b Oficina del Café  
300 |a 42 p.  
999 |c 1280  |d 1280